<?xml version="1.0" encoding="UTF-8"?>
<record
    xmlns:xsi="http://www.w3.org/2001/XMLSchema-instance"
    xsi:schemaLocation="http://www.loc.gov/MARC21/slim http://www.loc.gov/standards/marcxml/schema/MARC21slim.xsd"
    xmlns="http://www.loc.gov/MARC21/slim">

  <leader>00359nam a22001457a 4500</leader>
  <controlfield tag="005">20170621093230.0</controlfield>
  <controlfield tag="008">170621b        xxu||||| |||| 00| 0 eng d</controlfield>
  <datafield tag="020" ind1=" " ind2=" ">
    <subfield code="a">978-0-07-049463-3</subfield>
  </datafield>
  <datafield tag="041" ind1=" " ind2=" ">
    <subfield code="a">eng</subfield>
  </datafield>
  <datafield tag="100" ind1=" " ind2=" ">
    <subfield code="a">BASAK, N.N</subfield>
    <subfield code="9">3875</subfield>
  </datafield>
  <datafield tag="245" ind1=" " ind2=" ">
    <subfield code="a">ENVIRONMENTAL ENGINEERING</subfield>
  </datafield>
  <datafield tag="260" ind1=" " ind2=" ">
    <subfield code="a">NEW DELHI</subfield>
    <subfield code="b">Mc GRAW HILL EDUCATION</subfield>
    <subfield code="c">2003</subfield>
  </datafield>
  <datafield tag="300" ind1=" " ind2=" ">
    <subfield code="a">295</subfield>
  </datafield>
  <datafield tag="942" ind1=" " ind2=" ">
    <subfield code="c">BK</subfield>
  </datafield>
  <datafield tag="999" ind1=" " ind2=" ">
    <subfield code="c">5483</subfield>
    <subfield code="d">5481</subfield>
  </datafield>
  <datafield tag="952" ind1=" " ind2=" ">
    <subfield code="0">0</subfield>
    <subfield code="1">0</subfield>
    <subfield code="4">0</subfield>
    <subfield code="7">0</subfield>
    <subfield code="8">REF</subfield>
    <subfield code="a">JRU</subfield>
    <subfield code="b">MAIN</subfield>
    <subfield code="c">SHELF-28-E</subfield>
    <subfield code="d">2017-06-21</subfield>
    <subfield code="e">PURCHESS</subfield>
    <subfield code="g">395.00</subfield>
    <subfield code="l">3</subfield>
    <subfield code="o">628</subfield>
    <subfield code="p">21826</subfield>
    <subfield code="r">2020-02-17 00:00:00</subfield>
    <subfield code="s">2020-02-05</subfield>
    <subfield code="w">2017-06-21</subfield>
    <subfield code="y">BK</subfield>
  </datafield>
  <datafield tag="952" ind1=" " ind2=" ">
    <subfield code="0">0</subfield>
    <subfield code="1">0</subfield>
    <subfield code="4">0</subfield>
    <subfield code="7">0</subfield>
    <subfield code="8">MANAGEMENT</subfield>
    <subfield code="a">JRU</subfield>
    <subfield code="b">JRU</subfield>
    <subfield code="c">SHELF-50-E</subfield>
    <subfield code="d">2017-06-21</subfield>
    <subfield code="e">PURCHESS</subfield>
    <subfield code="g">395.00</subfield>
    <subfield code="l">16</subfield>
    <subfield code="m">13</subfield>
    <subfield code="o">628</subfield>
    <subfield code="p">21827</subfield>
    <subfield code="r">2022-04-25 00:00:00</subfield>
    <subfield code="s">2022-03-26</subfield>
    <subfield code="w">2017-06-21</subfield>
    <subfield code="y">BK</subfield>
  </datafield>
  <datafield tag="952" ind1=" " ind2=" ">
    <subfield code="0">0</subfield>
    <subfield code="1">0</subfield>
    <subfield code="4">0</subfield>
    <subfield code="7">0</subfield>
    <subfield code="a">JRU</subfield>
    <subfield code="b">MAIN</subfield>
    <subfield code="c">SHELF-6-D</subfield>
    <subfield code="d">2017-10-25</subfield>
    <subfield code="e">PURCHESS</subfield>
    <subfield code="g">415.00</subfield>
    <subfield code="l">2</subfield>
    <subfield code="o">628</subfield>
    <subfield code="p">22177</subfield>
    <subfield code="r">2019-09-07 00:00:00</subfield>
    <subfield code="s">2019-08-27</subfield>
    <subfield code="w">2017-10-25</subfield>
    <subfield code="y">BK</subfield>
  </datafield>
  <datafield tag="952" ind1=" " ind2=" ">
    <subfield code="0">0</subfield>
    <subfield code="1">0</subfield>
    <subfield code="4">0</subfield>
    <subfield code="7">0</subfield>
    <subfield code="8">MANAGEMENT</subfield>
    <subfield code="a">JRU</subfield>
    <subfield code="b">JRU</subfield>
    <subfield code="c">SHELF-50-E</subfield>
    <subfield code="d">2017-10-25</subfield>
    <subfield code="e">PURCHESS</subfield>
    <subfield code="g">415.00</subfield>
    <subfield code="l">18</subfield>
    <subfield code="m">9</subfield>
    <subfield code="o">628</subfield>
    <subfield code="p">22178</subfield>
    <subfield code="r">2020-03-06 00:00:00</subfield>
    <subfield code="s">2020-02-05</subfield>
    <subfield code="w">2017-10-25</subfield>
    <subfield code="y">BK</subfield>
  </datafield>
  <datafield tag="952" ind1=" " ind2=" ">
    <subfield code="0">0</subfield>
    <subfield code="1">0</subfield>
    <subfield code="4">0</subfield>
    <subfield code="7">0</subfield>
    <subfield code="8">REF</subfield>
    <subfield code="a">JRU</subfield>
    <subfield code="b">MAIN</subfield>
    <subfield code="c">SHELF -72 -F</subfield>
    <subfield code="d">2017-10-25</subfield>
    <subfield code="e">PURCHESS</subfield>
    <subfield code="g">415.00</subfield>
    <subfield code="l">15</subfield>
    <subfield code="m">6</subfield>
    <subfield code="o">628</subfield>
    <subfield code="p">22179</subfield>
    <subfield code="r">2019-09-03 00:00:00</subfield>
    <subfield code="s">2019-08-26</subfield>
    <subfield code="w">2017-10-25</subfield>
    <subfield code="y">BK</subfield>
  </datafield>
  <datafield tag="952" ind1=" " ind2=" ">
    <subfield code="0">0</subfield>
    <subfield code="1">0</subfield>
    <subfield code="4">0</subfield>
    <subfield code="7">0</subfield>
    <subfield code="8">MANAGEMENT</subfield>
    <subfield code="a">JRU</subfield>
    <subfield code="b">JRU</subfield>
    <subfield code="c">SHELF-50-E</subfield>
    <subfield code="d">2017-10-25</subfield>
    <subfield code="e">PURCHESS</subfield>
    <subfield code="g">415.00</subfield>
    <subfield code="l">13</subfield>
    <subfield code="m">7</subfield>
    <subfield code="o">628</subfield>
    <subfield code="p">22180</subfield>
    <subfield code="r">2026-02-06 05:42:45</subfield>
    <subfield code="s">2026-01-29</subfield>
    <subfield code="w">2017-10-25</subfield>
    <subfield code="y">BK</subfield>
  </datafield>
  <datafield tag="952" ind1=" " ind2=" ">
    <subfield code="0">0</subfield>
    <subfield code="1">0</subfield>
    <subfield code="4">0</subfield>
    <subfield code="7">0</subfield>
    <subfield code="8">MANAGEMENT</subfield>
    <subfield code="a">JRU</subfield>
    <subfield code="b">JRU</subfield>
    <subfield code="c">SHELF-50-E</subfield>
    <subfield code="d">2017-10-25</subfield>
    <subfield code="e">PURCHESS</subfield>
    <subfield code="g">415.00</subfield>
    <subfield code="l">21</subfield>
    <subfield code="m">8</subfield>
    <subfield code="o">628</subfield>
    <subfield code="p">22181</subfield>
    <subfield code="r">2022-06-21 00:00:00</subfield>
    <subfield code="s">2022-02-09</subfield>
    <subfield code="w">2017-10-25</subfield>
    <subfield code="y">BK</subfield>
  </datafield>
  <datafield tag="952" ind1=" " ind2=" ">
    <subfield code="0">0</subfield>
    <subfield code="1">0</subfield>
    <subfield code="4">0</subfield>
    <subfield code="7">0</subfield>
    <subfield code="8">MANAGEMENT</subfield>
    <subfield code="a">JRU</subfield>
    <subfield code="b">JRU</subfield>
    <subfield code="c">SHELF-50-E</subfield>
    <subfield code="d">2017-10-25</subfield>
    <subfield code="e">PURCHESS</subfield>
    <subfield code="g">415.00</subfield>
    <subfield code="l">25</subfield>
    <subfield code="m">11</subfield>
    <subfield code="o">628</subfield>
    <subfield code="p">22212</subfield>
    <subfield code="r">2022-12-24 00:00:00</subfield>
    <subfield code="s">2020-11-28</subfield>
    <subfield code="w">2017-10-25</subfield>
    <subfield code="y">BK</subfield>
  </datafield>
</record>
